Statistics for Born Here on This Date #1

Click here to take the quiz!

General Stats

  • This quiz has been taken 33,982 times
    (29,538 since last reset)
  • The average score is 13 of 24

Answer Stats

Time and PlacePerson% Correct
≈ 5 BC - NazarethJesus
96%
100 BC - RomeJulius Caesar
87%
≈ 1155 - Delüün Boldog, MongoliaGenghis Khan
78%
1918 - Mvezo, South AfricaNelson Mandela
78%
1564 - Stratford-upon-AvonWilliam Shakespeare
77%
1889 - Braunau am Inn, AustriaAdolf Hitler
75%
1769 - Ajaccio, CorsicaNapoleon Bonaparte
75%
1809 - Hardin County, KentuckyAbraham Lincoln
69%
1935 - Taktser, TibetDalai Lama
66%
551 BC - near Qufu, ChinaConfucius
65%
1935 - Tupelo, MississippiElvis Presley
48%
1917 - Brookline, Mass.John F. Kennedy
48%
1986 - Trelawny, JamaicaUsain Bolt
43%
1881 - Malaga, SpainPablo Picasso
42%
1960 - Dublin, IrelandBono
41%
1958 - Gary, IndianaMichael Jackson
41%
1901 - New OrleansLouis Armstrong
40%
1987 - Rosario, ArgentinaLionel Messi
35%
1853 - Zundert, NetherlandsVincent van Gogh
35%
1928 - Rosario, ArgentinaChe Guevara
33%
1992 - NashvilleMiley Cyrus
31%
1947 - Thal, AustriaArnold Schwarzenegger
29%
1955 - SeattleBill Gates
28%
1835 - Florida, MissouriMark Twain
25%

Score Distribution

Percentile by Number Answered

Percent of People with Each Score

Your Score History

You have not taken this quiz since the last reset